| 000 | 05500nam a22003617a 4500 | ||
|---|---|---|---|
| 003 | CHAP | ||
| 005 | 20260408092005.0 | ||
| 007 | ta | ||
| 008 | 260407s2025 mx ado|fom||| 001 0 spa d | ||
| 040 | _erda | ||
| 041 |
_aspa _beng |
||
| 100 | 1 |
_aLópez Gómez, Luciano _9191657 |
|
| 240 | 1 | 0 |
_aMonitoring of respiratory behavior of ‘hass’ avocado fruits in intelligent packaging. _lEspañol |
| 245 | 1 |
_aMonitoreo del comportamiento respiratorio de frutos de aguacate ‘hass’ en envases inteligentes / _cLuciano López Gómez |
|
| 264 |
_aChapingo, México : _bEl autor, _c2025 |
||
| 300 |
_a1 recurso en línea ( xiv, 92 páginas) : _bilustraciones, tablas, gráficas, fotografías |
||
| 336 |
_2rdacontent _atexto _btxt |
||
| 337 |
_2rdamedia _acomputadora _bc |
||
| 338 |
_2rdacarrier _arecurso en línea _bcr |
||
| 502 |
_aTesis _bMCTA _cAgroindustrias _d2025 _gMAE |
||
| 504 | _aIncluye bibliografías | ||
| 520 | 3 | _aLos productos hortofrutícolas son altamente perecederos debido a su actividad metabólica continua después de la cosecha, como la respiración y la transpiración, lo que afecta su calidad y vida útil. El envasado en atmósfera modificada permite ralentizar los procesos fisiológicos y bioquímicos; sin embargo, presenta limitaciones, ya que no es posible evaluar la calidad del producto sin abrir el envase. Los envases inteligentes con indicadores sensibles al pH representan una alternativa viable, económica y no destructiva para monitorear la calidad de los productos durante el almacenamiento. Por ello, el objetivo de esta investigación fue desarrollar etiquetas inteligentes para monitorear cambios de concentración de CO2 en el espacio de cabeza del envase, para mejorar el manejo postcosecha de los productos hortícolas. Se realizaron dos etapas. Primero, se elaboró una biopelícula indicadora a base de carboximetilcelulosa con una mezcla de indicadores ácido-base: rojo de metilo (RM), azul de bromotimol (ABT) y azul de timol (AT). Su sensibilidad al CO2 se evaluó en solución, en forma de película y en aplicación real con frutos de aguacate ‘Hass’. Después, se diseñaron etiquetas multicapa, una con dos indicadores (RM, ABT) y otra con tres (RM, ABT, AT). Su efectividad se evaluó mediante simulaciones con concentraciones conocidas de CO2 y se validó en condiciones reales de envasado con aguacate ‘Hass’. Las biopelículas mostraron cambios de color perceptibles al CO2, confirmando su sensibilidad, pero ello estuvo limitado a bajas concentraciones. Las etiquetas con dos indicadores presentaron una mejor respuesta, con alta correlación entre el cambio de color y el incremento de CO2. Se hicieron espectros de FTIR, que confirmaron las respuestas de los indicadores durante el proceso de almacenamiento. En conclusión, las etiquetas con dos indicadores demostraron ser una herramienta útil para monitorear la concentración de CO2 y predecir la calidad de frutos envasados en atmósferas modificadas. | |
| 520 | 3 | _aFruits and vegetables are highly perishable due to their continuous metabolic activity after harvest, such as respiration and transpiration, which affects their quality and shelf life. Modified atmosphere packaging (MAP) slows down physiological and biochemical processes; however, this technique has limitations, as it is not possible to assess product quality without opening the package. Intelligent packaging with pH-sensitive indicators represents a viable, economical, and non-destructive alternative for monitoring product quality during storage. The objective of the work was to develop intelligent labels to monitor changes in CO2 concentration in the headspace of the packaging, to improve the postharvest handling of fruits and vegetables. Two stages were performed. First, an indicator biofilm based on carboxymethylcellulose was prepared with a mixture of three acid-base indicators: methyl red (MR), bromothymol blue (BTB), and thymol blue (TB). The sensitivity to CO2 was evaluated in solution, as a film, and in actual applications with ‘Hass’ avocado fruits. Subsequently, multilayer labels were designed, one with two indicators (MR, BTB) and another with three (MR, BTB, TB). The label’s effectiveness was evaluated through simulations with known CO2 concentrations and validated under actual packaging conditions with ‘Hass’ avocado fruits. The biofilms showed perceptible color changes in response to CO2, confirming their sensitivity, but they were limited at low concentrations. The labels with two indicators exhibited a better response, with a high correlation between the change in color and the increase in CO2. FTIR spectra were performed and confirmed the indicators responses during the storage process. In conclusion, the labels with two indicators proved to be a useful tool for monitoring CO2 concentration and predicting the quality of fruit packaged in MAP. | |
| 650 | 1 | 3 |
_aAguacate _xAlmacenamiento bajo atmósfera controlada _2atg _9148677 |
| 650 | 1 | 3 |
_aAguacate _xEnvasado bajo atmósfera modificada _2atg _92490 |
| 650 | 1 | 3 |
_aAvocados _xControlled atmosphere storage _2atg _9148680 |
| 650 | 1 | 3 |
_aAvocados _xModified atmosphere packaging _2atg _9148887 |
| 700 | 1 |
_aValle Guadarrama, Salvador _9151202 _edirector |
|
| 700 | 1 |
_aGuerra Ramírez, Diana _9149184 _easesora |
|
| 700 | 1 |
_aBorries Medrano, Erich Von _9191659 _easesor |
|
| 856 | 4 | 0 |
_uhttp://10.13.5.2/tesis/t?/archivo.pdf _zDESCARGAR PDF |
| 942 |
_2Clasificación Universidad Autónoma Chapingo _cTD |
||
| 999 |
_c233165 _d233165 |
||